Geometric measure theory : a beginner's guide /

Guardado en:
Autor Principal: Morgan, Frank.
Formato: Libro
Idioma:English
Publicado: Boston : Academic Press, c1988.
Materias:
Etiquetas: Agregar Etiqueta
Sin Etiquetas, Sea el primero en etiquetar este registro!
LEADER 01257pam a2200229 a 4500
001 MAT.inmabb003482
008 870501s1988####maua#####b####001#0#eng##
005 20130324175528.0
245 1 0 |a Geometric measure theory :  |b a beginner's guide /  |c Frank Morgan. 
260 |a Boston :  |b Academic Press,  |c c1988. 
300 |a viii, 145 p. :  |b il. ;  |c 24 cm. 
504 |a Incluye referencias bibliográficas (p. 135-137) e índices. 
505 0 |a 1. Geometric measure theory -- 2. Measures -- 3. Lipschitz functions and rectifiable sets -- 4. Normal and rectifiable currents -- 5. The compactness theorem and the existence of area-minimizing surfaces -- 6. Examples of area-minimizing surfaces -- 7. The approximation theorem -- 8. Survey of regularity results -- 9. Monotonicity and oriented tangent cones -- 10. The regularity of area-minimizing hypersurfaces -- 11. Flat chains modulo $ nu$, varifolds, and (M, $ epsilon$, $ delta$)-minimal sets -- 12. Miscellaneous useful results. 
510 4 |a MR,  |c 89f:49036 
020 |a 0125068557 
100 1 |a Morgan, Frank. 
650 0 |a Geometric measure theory. 
084 |a 49F20 (28-01 58E15)  |2 MR 
084 |a 49Q15 49Q20  |2 MR 
010 |a  87012603  
040 |a DLC  |c DLC  |d DLC 
859 |h 49  |i M847  |p A-6290  |b BIB. MATEMATICA